| 000 | 00861nam a2200265 i 4500 | ||
|---|---|---|---|
| 001 | 11447 | ||
| 003 | ES-MaACL | ||
| 005 | 20250731074433.0 | ||
| 007 | t| | ||
| 008 | 921117s1992 sp |||| | spa j | ||
| 020 | _a84-7100-333-3 rúst | ||
| 080 | _a910.4(=1.450:7/8)"14/17" | ||
| 100 | 1 |
_aCaraci, Ilaria Luzzana. _934933 |
|
| 245 | 1 | 0 |
_aNavegantes italianos / _cIlaria Luzzana Caraci ; [traducción, Alessandra Picone]. |
| 260 |
_aMadrid : _bMAPFRE, _c[1992] |
||
| 300 |
_a319 p. : _bil. ; _c23 cm. |
||
| 490 | 1 |
_aMar y América ; _v15 |
|
| 500 | _aÍndices. | ||
| 504 | _aBibliografía: p. [301]-305. | ||
| 651 | 4 |
_aAmérica- _xDescubrimientos y exploraciones- _xItalianos. _9169017 |
|
| 700 | 1 |
_aPicone, Alessandra. _991880 |
|
| 830 | 0 | 0 |
_aColección Mar y América _v15 _9228196 |
| 852 |
_aES-MaACL _jL-18772 |
||
| 999 |
_c11447 _d11447 |
||